000 00553nam a2200169 4500
001 147996
003 ES-MaACL
005 20230906202355.0
007 t|
008 070214s1981 sp r ||||1| spa d
100 1 _aSpivak, Michael.
_9107777
245 1 0 _aSuplemento del cálculo infinitesimal
_b: calculus /
_cMichael Spivak ; versión de Bartolomé Frontera Marqués.
260 _aBarcelona :
_bReverté,
_c1981.
300 _a298 p. :
_bil. ;
_c22 cm.
700 1 _aFrontera Marqués, Bartolomé.
_952743
852 _aES-MaACL
_jL-1992
_bR.102864
999 _c147996
_d147996